000 00574nam a2200169 i 4500
001 164021
003 ES-MaACL
005 20230906212846.0
008 050816s1865 fr |||| | fre d
100 1 _aRousseau, Jean-Jacques.
_9100055
245 1 0 _aEmile ou de l'éducation /
_cpar J.-J. Rousseau.
260 _aParisa :
_bBureaux de la Publication,
_c1865 (
_fImp. de Dubuisson et Cie.)
300 _a1 v. ;
_c14 cm.
597 _aT. III: 256 p.
650 0 4 _aEducación-
_vObras anteriores a 1800.
_912084
852 _aES-MaACL
_jD-4028
_z- Enc. tela
_q- Sólo el t. III
999 _c164021
_d164021